LIBRARY ONLINE CATALOGUE

Introductory statistics / (Record no. 3507)

MARC details
000 -LEADER
fixed length control field 00742cam a22002412 4500
001 - CONTROL NUMBER
control field 0000011906
005 - DATE AND TIME OF LATEST TRANSACTION
control field 20151217145852.0
008 - FIXED-LENGTH DATA ELEMENTS--GENERAL INFORMATION
fixed length control field 090120s xx 000 0 eng d
020 ## - INTERNATIONAL STANDARD BOOK NUMBER
International Standard Book Number 0471615187 :
040 ## - CATALOGING SOURCE
Original cataloging agency KABU
Transcribing agency KABU
050 #0 - LIBRARY OF CONGRESS CALL NUMBER
Classification number QA276.12
Item number .W66 1990
100 1# - MAIN ENTRY--PERSONAL NAME
Personal name Wonnacott, Thomas H.
-- 0000149893
245 10 - TITLE STATEMENT
Title Introductory statistics /
Statement of responsibility, etc. Thomas H. Wonnacott, Ronald J. Wonnacott.
250 ## - EDITION STATEMENT
Edition statement 5th ed.
260 ## - PUBLICATION, DISTRIBUTION, ETC. (IMPRINT)
Place of publication, distribution, etc. New York :
Name of publisher, distributor, etc. John Wiley,
Date of publication, distribution, etc. 1990.
300 ## - PHYSICAL DESCRIPTION
Extent xvi, 711 p.
650 #0 - SUBJECT ADDED ENTRY--TOPICAL TERM
Topical term or geographic name as entry element Statistics.
-- 0000149871
650 #0 - SUBJECT ADDED ENTRY--TOPICAL TERM
Topical term or geographic name as entry element Economics
General subdivision Statistical methods.
-- 0000149882
700 1# - ADDED ENTRY--PERSONAL NAME
Personal name Wonnacott, Ronald J.
-- 0000149894
852 1# - LOCATION
-- p2950 KES
908 ## - PUT COMMAND PARAMETER (RLIN)
Put command parameter 090120
950 ## - LOCAL HOLDINGS (RLIN)
-- 1
Holdings
Withdrawn status Lost status Source of classification or shelving scheme Not for loan Home library Current library Date acquired Total Checkouts Total Renewals Full call number Barcode Checked out Date last seen Date last checked out Price effective from Koha item type
    Library of Congress Classification   Kabarak, Main Campus Kabarak, Main Campus 17/12/2015 2 2 QA276.12 .W66 1990 16249 11/12/2025 17/11/2025 17/11/2025 17/12/2015 General Collection